Prístav a kotvisko malých vodných plavidiel a výletných lodí v Ústí nad Labem

Gespeichert in:
Bibliographische Detailangaben
1. Verfasser: Gonda, Ondrej (Verfasst von)
Weitere Verfasser: Ruhig, Roman (Betreuung Doktorarbeit)
Format: Manuskript Buch
Sprache:Slowakisch
Veröffentlicht: 2024
Schlagworte:
Online-Zugang:http://is.stuba.sk/zp/portal_zp.pl?podrobnosti=171703
Tags: Tag hinzufügen
Keine Tags, Fügen Sie das erste Tag hinzu!

MARC

LEADER 00000ntm a22000003a 4500
001 stuzp93814
003 SK-STU
005 20240608210409.3
007 ta
008 150427s2015----xo-----f-mn---000-0-slo-d
040 |a STU  |b slo 
041 0 |a slo 
100 1 |a Gonda, Ondrej  |u 010310  |4 aut  |U SvF Stavebná fakulta  |T SvF Katedra architektúry  |X 75717  |U V181|V310  |Y 19  |7 75717 
242 0 1 |a Harbor and anchorage for small watercraft and cruise ships in Ústí nad Labem  |y eng 
245 1 0 |a Prístav a kotvisko malých vodných plavidiel a výletných lodí v Ústí nad Labem 
260 |c 2024 
650 4 |a Kotvisko  |2 slo 
650 4 |a Prístav  |2 slo 
650 4 |a Marína  |2 slo 
650 4 |a Port  |2 eng 
650 4 |a Anchorgae  |2 eng 
650 4 |a Marína,  |2 eng 
700 1 |a Ruhig, Roman  |u 010310  |k Z1  |4 ths  |U SvF Stavebná fakulta  |T SvF Katedra architektúry  |X 7452  |U V181|V310  |Y 19  |7 A000007452 
856 4 |u http://is.stuba.sk/zp/portal_zp.pl?podrobnosti=171703